[Event "ARG-ch sf U1700 Villa Maria"]
[Site "Villa Maria"]
[Date "2017.02.19"]
[Round "7.5"]
[White "Perret, Axel"]
[Black "Koncurat, Tomas"]
[Result "0-1"]
[WhiteElo "1485"]
[BlackElo "1478"]
[PlyCount "54"]
[EventDate "2017.02.17"]
[EventType "swiss"]
[EventRounds "9"]
[EventCountry "ARG"]
[SourceTitle "EXT 2024"]
[Source "ChessBase"]
[SourceDate "2023.10.10"]
[SourceVersion "1"]
[SourceVersionDate "2023.10.10"]
[SourceQuality "1"]

1. Nf3 e6 2. d4 d5 3. Bf4 Bd6 4. Bxd6 cxd6 5. e3 Nf6 6. Nbd2 0-0 7. Bd3 Nc6 8. c3 b6 9. 0-0 Bb7 10. h3 Qd7 11. Qb1 h6 12. a3 Rfc8 13. Re1 Na5 14. Qa2 Ne4 15. Qb1 f5 16. Bc2 Nc4 17. Nxc4 Rxc4 18. Bxe4 dxe4 19. Nd2 Rc7 20. Qa2 Rac8 21. Rac1 Bd5 22. c4 b5 23. b3 bxc4 24. bxc4 Qa4 25. Qb2 Bxc4 26. Nxc4 Rxc4 27. Rxc4 Qxc4 0-1

[Event "ARG-ch sf U1700 Villa Maria"]
[Site "Villa Maria"]
[Date "2017.02.18"]
[Round "5.5"]
[White "Allasia, Jesus"]
[Black "Perret, Axel"]
[Result "1-0"]
[WhiteElo "1649"]
[BlackElo "1485"]
[PlyCount "79"]
[EventDate "2017.02.17"]
[EventType "swiss"]
[EventRounds "9"]
[EventCountry "ARG"]
[SourceTitle "EXT 2024"]
[Source "ChessBase"]
[SourceDate "2023.10.10"]
[SourceVersion "1"]
[SourceVersionDate "2023.10.10"]
[SourceQuality "1"]

1. d4 Nf6 2. Nf3 g6 3. Bf4 d6 4. e3 Bg7 5. c4 0-0 6. h3 Nbd7 7. Nc3 c5 8. Be2 Qb6 9. Qb3 Qxb3 10. axb3 a6 11. Kd2 Re8 12. Bh2 cxd4 13. Nxd4 Nc5 14. Kc2 e5 15. Nf3 Bf5+ 16. e4 Nfxe4 17. Nxe4 Bxe4+ 18. Kc3 Bf5 19. Kb4 Bd3 20. Bd1 Be4 21. Ne1 Bh6 22. f3 Bd2+ 23. Ka3 Bc6 24. Bc2 Bh6 25. Rd1 Rad8 26. Nd3 Bg7 27. Nb4 Re7 28. Nxc6 bxc6 29. Rhe1 f6 30. b4 Ne6 31. Rd2 Red7 32. Be4 d5 33. cxd5 cxd5 34. Bd3 Bh6 35. Rdd1 Ra8 36. Ka4 Rc7 37. Bb1 d4 38. Ba2 Kf7 39. Rxd4 Ke7 40. Rh4 1-0